[Event "ICS rated standard match"]
[Site "204.178.125.65"]
[Date "2000.03.29"]
[Round "?"]
[White "Hossa"]
[Black "Gunsbergs"]
[Result "1-0"]
[WhiteElo "2334"]
[BlackElo "1995"]
[PlyCount "89"]

1. e4 e5 2. Nf3 Nc6 3. Nc3 Nf6 4. Nxe5 Nxe5 5. d4 Ng6 6. e5 Ng8 7. Bc4 Bb4 8.
Qf3 Bxc3+ 9. bxc3 d5 10. Bxd5 Qe7 11. Bxb7 Bxb7 12. Qxb7 Qd8 13. Qc6+ Kf8 14.
O-O h6 15. Ba3+ N8e7 16. e6 f5 17. Bc5 Kg8 18. Qb7 Kh7 19. Bxa7 Qd6 20. Rfe1
Rhc8 21. Bc5 Qf4 22. Qb5 Qd2 23. Qd3 Qg5 24. Qf3 Ra6 25. Qb7 Raa8 26. c4 Qd2
27. Qb3 Ra6 28. d5 Rca8 29. Be3 Qa5 30. a4 Rd6 31. Bd4 Qa6 32. Bc5 Rdd8 33. Qc3
Qc8 34. h4 Re8 35. h5 Nf4 36. Bxe7 Rxe7 37. Qf3 g5 38. hxg6+ Nxg6 39. Qxf5 Qe8
40. a5 Qg8 41. a6 Qc8 42. a7 Qh8 43. Qf3 Qd4 44. d6 Rxe6 45. Qf7+ 1-0

[Event "ICS rated standard match"]
[Site "204.178.125.65"]
[Date "2000.03.29"]
[Round "?"]
[White "Gunsbergs"]
[Black "Hossa"]
[Result "0-1"]
[WhiteElo "1991"]
[BlackElo "2338"]
[PlyCount "125"]

1. e4 c6 2. Nc3 d5 3. d3 e5 4. Nf3 d4 5. Ne2 Nd7 6. c3 dxc3 7. bxc3 Ngf6 8. Ng3
b5 9. Be2 b4 10. Bd2 a5 11. a3 bxa3 12. O-O h5 13. Qb3 Nc5 14. Qa2 h4 15. Nf5
Be6 16. c4 Nxd3 17. Bg5 Nb4 18. Qb1 Bxf5 19. exf5 h3 20. Nxe5 a2 21. Qb2 hxg2
22. Kxg2 Be7 23. Bf3 Qc8 24. Rfe1 O-O 25. Ng4 Nd3 26. Qe2 Nxe1+ 27. Rxe1 Qxf5
28. Bh4 Rfe8 29. Qxa2 Nxg4 30. Bxe7 Ne5 31. Rxe5 Qxe5 32. Bh4 Qd4 33. Bg3 Ra6
34. Qa4 Re6 35. h3 g6 36. Qb3 Re8 37. Qa4 Qc5 38. Bf4 Re1 39. Be3 Qd6 40. Qb3
Ra8 41. Qb7 Rd8 42. Bxc6 Qd3 43. Bd5 Qf1+ 44. Kg3 Qg1+ 45. Kh4 Rf8 46. Qe7
Qxf2+ 47. Bxf2 Rxe7 48. Bc5 Re1 49. Bxf8 Kxf8 50. Kg5 a4 51. Kf6 a3 52. c5 Rf1+
53. Ke5 Rf5+ 54. Kd4 Rxd5+ 55. Kxd5 a2 56. c6 a1=Q 57. c7 Qa5+ 58. Kc6 Qxc7+
59. Kxc7 f5 60. Kd6 f4 61. Ke5 f3 62. Kf4 f2 63. Kg5 0-1

[Event "ICS rated blitz match"]
[Site "204.178.125.65"]
[Date "2000.03.30"]
[Round "?"]
[White "Hossa"]
[Black "Grantaba"]
[Result "1-0"]
[WhiteElo "2421"]
[BlackElo "2045"]
[PlyCount "71"]

1. e4 g6 2. d4 f6 3. d5 Bg7 4. Nc3 Nh6 5. Nf3 Nf7 6. Be3 c6 7. Bc4 O-O 8. d6 e6
9. O-O b5 10. Bb3 a5 11. a4 Ba6 12. axb5 cxb5 13. Re1 b4 14. Na4 Nc6 15. Bb6
Qc8 16. Bc7 Bb5 17. Nb6 Qb7 18. Nxd7 Rfd8 19. Bxe6 Nce5 20. Ndxe5 fxe5 21. Bxd8
Rxd8 22. Ng5 Be8 23. d7 Rxd7 24. Bxd7 Bxd7 25. Nxf7 Kxf7 26. Rxa5 Bc6 27. Qd3
g5 28. Qc4+ Kg6 29. Ra6 Bf6 30. Rxc6 Qe7 31. Rb6 h5 32. Qg8+ Kh6 33. Rd1 g4 34.
Rd7 g3 35. Rxf6+ Qxf6 36. Rh7# 1-0

[Event "ICS rated blitz match"]
[Site "204.178.125.65"]
[Date "2000.03.30"]
[Round "?"]
[White "QueenMaxima"]
[Black "Hossa"]
[Result "1/2-1/2"]
[WhiteElo "2533"]
[BlackElo "2424"]
[PlyCount "87"]

1. e4 e5 2. Nf3 Nc6 3. Bb5 Nf6 4. O-O Bc5 5. c3 O-O 6. d4 Bb6 7. Bg5 exd4 8.
cxd4 h6 9. Bxf6 Qxf6 10. e5 Qf4 11. Bxc6 dxc6 12. Qd2 Qxd2 13. Nbxd2 Rd8 14.
Rfd1 Rd5 15. Nb3 Bg4 16. Rd2 a5 17. a4 Rad8 18. Rad1 h5 19. h3 Bxf3 20. gxf3 h4
21. f4 Ba7 22. f5 Kf8 23. Kg2 Re8 24. f4 Red8 25. Kf3 Ke7 26. Kg4 Rh8 27. Nc5
Bxc5 28. dxc5 Rhd8 29. Rxd5 Rxd5 30. Rxd5 cxd5 31. Kxh4 Ke8 32. Kg4 Kf8 33. h4
c6 34. Kg5 Kg8 35. b3 Kf8 36. f6 gxf6+ 37. exf6 Kg8 38. f5 Kh7 39. Kf4 Kh6 40.
Kg4 Kh7 41. Kh3 Kh6 42. Kg4 Kh7 43. Kf3 Kh6 44. Kg4 1/2-1/2

[Event "ICS rated blitz match"]
[Site "204.178.125.65"]
[Date "2000.03.30"]
[Round "?"]
[White "Hossa"]
[Black "Viveiros"]
[Result "1/2-1/2"]
[WhiteElo "2429"]
[BlackElo "2026"]
[PlyCount "86"]

1. e4 c5 2. Nf3 d6 3. d4 cxd4 4. Nxd4 Nf6 5. Nc3 a6 6. Bg5 Nbd7 7. Be2 e6 8.
O-O Qc7 9. a4 b6 10. f4 Bb7 11. Bf3 Be7 12. f5 e5 13. Nb3 Bc6 14. Qd2 Qb7 15.
Qe3 h6 16. Bxf6 Nxf6 17. Rab1 O-O 18. Rfd1 Rfd8 19. Ra1 Rd7 20. Rd2 Rad8 21.
Rad1 d5 22. exd5 Nxd5 23. Nxd5 Bxd5 24. Rxd5 Rxd5 25. Rxd5 Rxd5 26. c4 e4 27.
cxd5 exf3 28. Qxf3 Bf6 29. Qe4 b5 30. Nc5 Qb6 31. b4 bxa4 32. Kf2 a5 33. Qe8+
Kh7 34. Qxf7 axb4 35. Qg6+ Kg8 36. Qe8+ Kh7 37. Qg6+ Kh8 38. Qe8+ Kh7 39. Qg6+
Kg8 40. Qe8+ Kh7 41. Qg6+ Kg8 42. Qe8+ Kh7 43. Qg6+ Kg8 1/2-1/2

[Event "ICS rated blitz match"]
[Site "204.178.125.65"]
[Date "2000.03.30"]
[Round "?"]
[White "Hossa"]
[Black "QueenMaxima"]
[Result "0-1"]
[WhiteElo "2416"]
[BlackElo "2530"]
[PlyCount "128"]

1. e4 e5 2. Nf3 Nc6 3. Nc3 Nf6 4. Nxe5 Nxe5 5. d4 Ng6 6. e5 Ng8 7. Bc4 Bb4 8.
Qf3 Bxc3+ 9. bxc3 Qe7 10. O-O f6 11. exf6 Nxf6 12. Bg5 Qf8 13. Rfe1+ Kd8 14.
Bd3 d6 15. Qe3 Qf7 16. Qf3 Re8 17. Qh5 Rxe1+ 18. Rxe1 Kd7 19. Qe2 a6 20. c4 a5
21. a4 Ra7 22. Bf5+ Kd8 23. Bxg6 hxg6 24. Qe3 Bd7 25. d5 Ra6 26. Qa3 Bf5 27.
Re2 Kc8 28. f3 Qf8 29. Qc3 Kd8 30. Qa1 Qf7 31. Qc3 Bd7 32. Qa3 Rb6 33. Qa2 Rb4
34. Re1 Rxa4 35. Qb3 Kc8 36. Qe3 Qe8 37. Qf2 Qg8 38. Qa7 Kd8 39. Qxb7 Rxc4 40.
Qa8+ Bc8 41. Qxa5 Rxc2 42. Qa4 Rc5 43. Qe4 Qf7 44. Qa4 Rxd5 45. Qb3 Be6 46.
Qb8+ Kd7 47. Be3 Ra5 48. Qb4 Ra2 49. Bg5 Kc8 50. Rd1 Nd5 51. Qd4 Qf5 52. h4 Qf7
53. Rc1 c5 54. Qe4 Nc7 55. Qc6 Bd5 56. Qxd6 Rxg2+ 57. Kh1 Qxf3 58. Qd8+ Kb7 59.
Qxc7+ Kxc7 60. Rxc5+ Kd6 61. Be7+ Kxe7 62. Rc7+ Kf6 63. Rf7+ Bxf7 64. h5 Qh3#
0-1

[Event "ICS rated standard match"]
[Site "204.178.125.65"]
[Date "2000.03.30"]
[Round "?"]
[White "Hossa"]
[Black "JudgeTurpin"]
[Result "1-0"]
[WhiteElo "2342"]
[BlackElo "2404"]
[PlyCount "141"]

1. e4 c5 2. Nf3 Nc6 3. d4 cxd4 4. Nxd4 Nf6 5. Nc3 e5 6. Ndb5 d6 7. Bg5 a6 8.
Na3 b5 9. Bxf6 gxf6 10. Nd5 Bg7 11. Bd3 Ne7 12. Nxe7 Qxe7 13. c3 f5 14. O-O O-O
15. Nc2 Bb7 16. exf5 Kh8 17. a4 bxa4 18. Rxa4 Bc6 19. Rxa6 Qb7 20. f6 Bxf6 21.
Qh5 e4 22. Nb4 Rxa6 23. Bxa6 Qd7 24. Bc4 Bb7 25. Bd5 Be5 26. Qe2 Bxd5 27. Nxd5
Qb7 28. Rd1 Qb3 29. g3 f5 30. Rd2 Qb7 31. b4 Ra8 32. Rd1 Qf7 33. b5 Ra7 34. b6
Rb7 35. Qa6 Rb8 36. Qa7 Qf8 37. b7 Kg7 38. Rf1 Qd8 39. Rb1 e3 40. fxe3 Bf6 41.
Rf1 Be5 42. Rxf5 h6 43. e4 h5 44. Rxh5 Kg6 45. Rf5 Kg7 46. c4 Kh7 47. Rh5+ Kg6
48. Rxe5 dxe5 49. c5 Qf8 50. c6 Qf3 51. Qxb8 Qd1+ 52. Kf2 Qd2+ 53. Kf3 Qd1+ 54.
Ke3 Qd4+ 55. Ke2 Qc4+ 56. Kd1 Qd4+ 57. Kc1 Qc5+ 58. Kb2 Qd4+ 59. Kb3 Qd1+ 60.
Kc4 Qd4+ 61. Kb5 Qb2+ 62. Kc5 Qa3+ 63. Kb6 Qb2+ 64. Kc7 Kg7 65. Qd8 Qd2 66.
b8=Q Qa5+ 67. Nb6 Qa7+ 68. Qxa7 Kh6 69. Qf6+ Kh7 70. Kd6+ Kg8 71. Qaf7# 1-0

[Event "ICS rated blitz match"]
[Site "204.178.125.65"]
[Date "2000.03.30"]
[Round "?"]
[White "Hossa"]
[Black "QueenMaxima"]
[Result "0-1"]
[WhiteElo "2427"]
[BlackElo "2522"]
[PlyCount "152"]

1. c4 Nf6 2. Nc3 g6 3. Nf3 Bg7 4. g3 c6 5. Bg2 d5 6. cxd5 cxd5 7. d4 O-O 8. O-O
Nc6 9. Ne5 Be6 10. Bg5 Qc7 11. Nxc6 Qxc6 12. Rc1 Qb6 13. Qd3 Rad8 14. Rfe1 h6
15. Be3 Ng4 16. Qd2 Nxe3 17. fxe3 Kh8 18. Rf1 Qa6 19. a4 Qb6 20. b4 Rd7 21. Qb2
Rfd8 22. Nb5 Bf5 23. Rc5 a6 24. Nc3 Qe6 25. Nd1 Kg8 26. Qc1 Be4 27. Bxe4 dxe4
28. Nf2 b6 29. Rc6 Rd6 30. Rc7 Bf6 31. Qc3 b5 32. a5 Kg7 33. Kg2 R8d7 34. Rc5
Rd5 35. Rc6 R5d6 36. Rxd6 exd6 37. Kg1 d5 38. Kh1 Bd8 39. Qc8 Be7 40. Rb1 Rd8
41. Qc2 Rc8 42. Qd2 Rc4 43. Kg1 f6 44. g4 Bd6 45. Kh1 Qe7 46. Qa2 g5 47. Rf1
Qe6 48. Kg1 f5 49. gxf5 Qxf5 50. h3 h5 51. Ng4 Qe6 52. Nf2 g4 53. hxg4 hxg4 54.
Qa1 g3 55. Nxe4 Qh6 56. Kg2 Qh2+ 57. Kf3 Qh5+ 58. Kg2 dxe4 59. d5+ Be5 60.
Qxe5+ Qxe5 61. Rf4 Qh5 62. Kxg3 Rc1 63. Rg4+ Kf6 64. Rf4+ Ke5 65. Rh4 Rg1+ 66.
Kh2 Qg5 67. Rh5 Qxh5+ 68. Kxg1 Qxe2 69. d6 Qxe3+ 70. Kh1 Qe1+ 71. Kg2 Kf4 72.
d7 Qg3+ 73. Kf1 Qd3+ 74. Kg1 Kg3 75. d8=Q Qb1+ 76. Qd1 Qxd1# 0-1

[Event "ICS rated blitz match"]
[Site "204.178.125.65"]
[Date "2000.03.30"]
[Round "?"]
[White "Prykon"]
[Black "Hossa"]
[Result "0-1"]
[WhiteElo "2035"]
[BlackElo "2415"]
[PlyCount "49"]

1. d4 d5 2. c4 e6 3. c5 Nc6 4. e3 b6 5. cxb6 axb6 6. Nc3 Nf6 7. Nf3 Bd6 8. Bd3
Nb4 9. Be2 Ba6 10. O-O Bxe2 11. Qxe2 O-O 12. Bd2 Ne4 13. a3 Nc6 14. Nb5 Qd7 15.
Rac1 e5 16. Nxd6 Qxd6 17. dxe5 Nxe5 18. Nxe5 Qxe5 19. Bc3 Qe6 20. Qc2 Rfe8 21.
Rcd1 c6 22. Qb3 Reb8 23. Rfe1 Nc5 24. Qc2 Rb7 25. Bd4 0-1

[Event "ICS rated blitz match"]
[Site "204.178.125.65"]
[Date "2000.03.30"]
[Round "?"]
[White "Hossa"]
[Black "QueenMaxima"]
[Result "1-0"]
[WhiteElo "2418"]
[BlackElo "2536"]
[PlyCount "123"]

1. e4 c5 2. Nf3 Nc6 3. Bb5 e6 4. O-O Nge7 5. c3 a6 6. Ba4 c4 7. d4 cxd3 8. c4
d5 9. Qxd3 dxc4 10. Qxd8+ Kxd8 11. Rd1+ Ke8 12. Na3 b5 13. Bxb5 c3 14. Nc4 c2
15. Nd6+ Kd8 16. Rd2 axb5 17. Nxf7+ Ke8 18. Nxh8 b4 19. Rxc2 b3 20. Rc4 Rxa2
21. Ra4 Rxa1 22. Rxa1 g6 23. Ng5 Nd8 24. Bd2 Bg7 25. Ba5 Bxb2 26. Rb1 Bxh8 27.
Bxd8 Kxd8 28. Nf7+ Ke8 29. Nxh8 b2 30. Rxb2 Kf8 31. Rd2 Ke8 32. f4 Bb7 33. Rd4
Ba8 34. Kf2 Bc6 35. Ke3 Nc8 36. g4 Ke7 37. f5 gxf5 38. gxf5 Nb6 39. fxe6 Kxe6
40. Kf3 Nd7 41. Kf4 Ne5 42. h4 Nd7 43. h5 Nf6 44. h6 Nh5+ 45. Kf3 Nf6 46. Rc4
Ba8 47. Ra4 Bb7 48. Ke3 Bc8 49. Ra7 Bd7 50. Ra6+ Ke7 51. Kd4 Bb5 52. Ra7+ Nd7
53. Ng6+ Kf6 54. Nh4 Kg5 55. Nf5 Kf4 56. Nd6 Bc6 57. Ra5 Nb8 58. Rf5+ Kg3 59.
Rf7 Ba4 60. Rxh7 Nc6+ 61. Ke3 Ne5 62. Rg7+ 1-0

[Event "ICS rated blitz match"]
[Site "204.178.125.65"]
[Date "2000.03.30"]
[Round "?"]
[White "Hossa"]
[Black "QueenMaxima"]
[Result "1-0"]
[WhiteElo "2439"]
[BlackElo "2515"]
[PlyCount "101"]

1. e4 e5 2. Nf3 Nc6 3. Bb5 a6 4. Ba4 Nf6 5. O-O Be7 6. Re1 b5 7. Bb3 d6 8. c3
O-O 9. h3 Bb7 10. d4 Re8 11. Nbd2 Bf8 12. a4 h6 13. Bc2 exd4 14. cxd4 Nb4 15.
Bb1 c5 16. d5 Nd7 17. Ra3 f5 18. exf5 Nf6 19. Ne4 Nfxd5 20. axb5 axb5 21. Bd2
Rxa3 22. bxa3 Na6 23. Ba2 c4 24. Nd4 Nac7 25. Qb1 Ba6 26. Qc2 Nb6 27. Ba5 Qb8
28. f6 d5 29. fxg7 Bxg7 30. Nc6 Qa8 31. Nf6+ Bxf6 32. Qg6+ Bg7 33. Ne7+ Rxe7
34. Rxe7 Qf8 35. Rxc7 Bc8 36. Bxb6 Bf5 37. Rxg7+ Qxg7 38. Qxf5 Qf7 39. Qc8+ Qf8
40. Qe6+ Qf7 41. Qxh6 Qf5 42. Qc6 Kg7 43. Bd4+ Kf7 44. Qxb5 Qe6 45. f4 Qe1+ 46.
Kh2 Qe6 47. Be5 Kf8 48. Qb7 Ke8 49. Bb1 d4 50. Be4 Qd5 51. Bg6+ 1-0

[Event "ICS rated blitz match"]
[Site "204.178.125.65"]
[Date "2000.03.30"]
[Round "?"]
[White "QueenMaxima"]
[Black "Hossa"]
[Result "1-0"]
[WhiteElo "2496"]
[BlackElo "2458"]
[PlyCount "109"]

1. e4 e5 2. Nf3 Nc6 3. Bb5 a6 4. Ba4 Nf6 5. O-O Be7 6. Re1 b5 7. Bb3 d6 8. c3
O-O 9. h3 Bb7 10. d4 Re8 11. Nbd2 Bf8 12. a3 h6 13. Bc2 Nb8 14. b4 Nbd7 15. Bb2
g6 16. Rb1 Bg7 17. a4 exd4 18. cxd4 bxa4 19. d5 c6 20. Bxf6 Bxf6 21. dxc6 Bxc6
22. Bxa4 Bxa4 23. Qxa4 Nb6 24. Qa5 Bc3 25. Rbc1 Bxd2 26. Nxd2 d5 27. Rcd1 f5
28. exf5 Rxe1+ 29. Rxe1 gxf5 30. Re6 Nc4 31. Nxc4 Qxa5 32. Nxa5 Kh7 33. Re5 Rb8
34. Rxf5 Rxb4 35. Rxd5 Rb1+ 36. Kh2 Rb6 37. f4 Kg7 38. g4 Re6 39. f5 Rb6 40.
Rd7+ Kf8 41. Rb7 Rd6 42. Nc4 Rd5 43. Rh7 Rc5 44. Nd6 Rc2+ 45. Kg3 Rc6 46. Rxh6
a5 47. Re6 Rb6 48. f6 Rxd6 49. Rxd6 a4 50. Kf4 Kf7 51. Kf5 Ke8 52. Kg6 a3 53.
Kg7 a2 54. f7+ Ke7 55. f8=Q# 1-0

[Event "ICS Rated blitz match"]
[Site "204.178.125.65"]
[Date "2000.03.30"]
[Round "?"]
[White "Hossa"]
[Black "QueenMaxima"]
[Result "1-0"]
[WhiteElo "2444"]
[BlackElo "2511"]
[PlyCount "62"]

1. e4 c5 2. Nf3 d6 3. d4 cxd4 4. Nxd4 Nf6 5. Nc3 a6 6. Bg5 e6 7. f4 Be7 8. Qf3
Qc7 9. O-O-O Nbd7 10. Bd3 b5 11. Rhe1 Bb7 12. Qg3 b4 13. Nd5 exd5 14. e5 dxe5
15. fxe5 Nh5 16. Qh4 Bxg5+ 17. Qxg5 g6 18. e6 Nc5 19. exf7+ Kxf7 20. Rf1+ Kg8
21. Nf5 Nxd3+ 22. Rxd3 Rf8 23. Re3 Rxf5 24. Rxf5 Bc6 25. Rf1 Qd6 26. Ref3 Be8
27. Qe3 Bd7 28. Qd4 Bf5 29. g4 Ng7 30. gxf5 gxf5 31. Rg1 Qh6+ 1-0

[Event "ICS rated blitz match"]
[Site "204.178.125.65"]
[Date "2000.03.30"]
[Round "?"]
[White "undertaker1"]
[Black "Hossa"]
[Result "1-0"]
[WhiteElo "2607"]
[BlackElo "2463"]
[PlyCount "167"]

1. e4 e5 2. Nf3 Nc6 3. d4 exd4 4. Nxd4 Bc5 5. Be3 Qf6 6. c3 Nge7 7. Bc4 Ne5 8.
Be2 Qg6 9. Nb5 Qxg2 10. Nxc7+ Kd8 11. Rf1 Bxe3 12. Nxa8 Bf4 13. Nd2 Qxh2 14.
Nc4 Nxc4 15. Bxc4 Bh6 16. Bxf7 Rf8 17. Bc4 Qb8 18. Nb6 axb6 19. Qd3 Qe5 20. Rg1
Ng6 21. Bb3 Nf4 22. Qc2 Re8 23. f3 Qc5 24. Rf1 Qe3+ 25. Kd1 d5 26. Qd2 Rxe4 27.
Qxe3 Rxe3 28. Bc2 g6 29. a4 Rxf3 30. Rxf3 Bg4 31. Kd2 Bxf3 32. Ke3 Bg2 33. a5
Nh3+ 34. Kd4 bxa5 35. Rxa5 Kc7 36. Ra7 Nf2 37. Ke5 Be4 38. Bxe4 dxe4 39. Kd4
Bf4 40. Ra8 e3 41. Rf8 Bg5 42. Ra8 Nd1 43. Kd3 Kd6 44. Ra2 Nf2+ 45. Ke2 Ne4 46.
Ra8 Ng3+ 47. Ke1 Bf6 48. Rf8 Be5 49. Rf7 h5 50. Rxb7 g5 51. Rb8 Kd7 52. Rg8 Bf6
53. Ra8 Bd8 54. b4 Ne4 55. c4 Bc7 56. Ke2 Bf4 57. Ra7+ Ke6 58. Kd3 Nf2+ 59. Ke2
h4 60. c5 g4 61. Ra6+ Kd5 62. Rf6 Ke5 63. Rf8 Ke4 64. Re8+ Be5 65. c6 Nh3 66.
c7 Nf4+ 67. Kd1 Kd3 68. Rxe5 e2+ 69. Rxe2 Nxe2 70. c8=Q Nc3+ 71. Ke1 g3 72.
Qd8+ Kc2 73. Qxh4 g2 74. Qg3 Ne4 75. Qxg2+ Kd3 76. b5 Nc3 77. b6 Kc4 78. b7 Nb1
79. b8=Q Nc3 80. Qc6+ Kd3 81. Qg3+ Kc2 82. Qcxc3+ Kb1 83. Qb8+ Ka2 84. Qbb3#
1-0

[Event "ICS rated blitz match"]
[Site "204.178.125.65"]
[Date "2000.03.30"]
[Round "?"]
[White "Hossa"]
[Black "Grantaba"]
[Result "1-0"]
[WhiteElo "2453"]
[BlackElo "2028"]
[PlyCount "55"]

1. e4 Nc6 2. d4 e5 3. d5 Nce7 4. c4 Nf6 5. Nc3 Ng6 6. Nf3 Bc5 7. Be2 O-O 8. Bg5
d6 9. O-O h6 10. Be3 Bxe3 11. fxe3 Ng4 12. Qd2 f5 13. exf5 Bxf5 14. h3 Nf6 15.
Nxe5 Nxe5 16. Rxf5 Qd7 17. Raf1 Rae8 18. Qd4 b6 19. Bd1 a5 20. Ba4 c6 21. dxc6
Nxc6 22. Rxf6 gxf6 23. Qd5+ Qf7 24. Bxc6 Re5 25. Rxf6 Rxd5 26. Bxd5 Qxd5 27.
Rxf8+ Kxf8 28. Nxd5 1-0

[Event "ICS rated blitz match"]
[Site "204.178.125.65"]
[Date "2000.03.30"]
[Round "?"]
[White "QueenMaxima"]
[Black "Hossa"]
[Result "0-1"]
[WhiteElo "2419"]
[BlackElo "2456"]
[PlyCount "31"]

1. e4 e5 2. Nf3 Nc6 3. Bb5 Nf6 4. O-O Bc5 5. Nxe5 Nd4 6. Bc4 Qe7 7. Nxf7 d5 8.
Nxh8 Bg4 9. Bb5+ c6 10. f3 Nxf3+ 11. Kh1 Nxh2 12. Qe1 Nxf1 13. Bxf1 Nxe4 14. d4
Bd6 15. Ng6 hxg6 16. Bd2 0-1

[Event "ICS rated blitz match"]
[Site "204.178.125.65"]
[Date "2000.03.30"]
[Round "?"]
[White "Hossa"]
[Black "QueenMaxima"]
[Result "0-1"]
[WhiteElo "2470"]
[BlackElo "2405"]
[PlyCount "146"]

1. e4 e5 2. Nf3 Nc6 3. Bb5 a6 4. Ba4 Nf6 5. O-O Be7 6. Re1 b5 7. Bb3 d6 8. c3
O-O 9. h3 Bb7 10. d4 Re8 11. Nbd2 Bf8 12. a4 h6 13. Bc2 exd4 14. cxd4 Nb4 15.
Bb1 g6 16. d5 c6 17. dxc6 Bxc6 18. Nd4 Qb6 19. Nxc6 Qxc6 20. Nb3 bxa4 21. Nd4
Qb6 22. Rxa4 a5 23. Re3 Bg7 24. Nb3 d5 25. exd5 Red8 26. Re1 Qb5 27. Ra3 Nfxd5
28. Qe2 Qxe2 29. Rxe2 a4 30. Na1 Rdc8 31. Be3 Nxe3 32. Raxe3 Rc1+ 33. Re1 Rac8
34. Kh2 Bxb2 35. Rxc1 Rxc1 36. Re4 Bc3 37. Nc2 Rxb1 38. Na3 Rb2 39. Re8+ Kg7
40. Ra8 Rxf2 41. Nc4 Ra2 42. Kg3 Nd3 43. Ne3 Ne1 44. Kf4 Bd2 45. Ke4 f5+ 46.
Nxf5+ gxf5+ 47. Kxf5 Nxg2 48. Ra7+ Kf8 49. Ra8+ Ke7 50. Ra6 Be3 51. Ke5 a3 52.
Ke4 Bc1 53. Rc6 Re2+ 54. Kf3 Rc2 55. Ra6 a2 56. Ke4 Re2+ 57. Kd5 Nf4+ 58. Kc4
Nxh3 59. Ra7+ Kd6 60. Ra6+ Kc7 61. Ra8 Ng5 62. Ra7+ Kb8 63. Ra6 h5 64. Kd4 Ne6+
65. Kc3 Re3+ 66. Kc4 Ba3 67. Rb6+ Ka7 68. Rb3 a1=Q 69. Rxe3 Qd4+ 70. Kb3 Qxe3+
71. Kc4 Ka6 72. Kd5 Qe2 73. Kc6 Qb5# 0-1

[Event "ICS rated blitz match"]
[Site "204.178.125.65"]
[Date "2000.03.30"]
[Round "?"]
[White "Prykon"]
[Black "Hossa"]
[Result "0-1"]
[WhiteElo "2078"]
[BlackElo "2451"]
[PlyCount "86"]

1. d4 d5 2. c4 e6 3. cxd5 exd5 4. Nc3 Nf6 5. Bg5 Be7 6. Qc2 Nc6 7. e3 Nb4 8.
Qb1 g6 9. Bd3 O-O 10. Nf3 c6 11. O-O Re8 12. Ne5 Ng4 13. Bf4 Nxe5 14. Bxe5 Nxd3
15. Qxd3 Bf5 16. Qd2 Bg5 17. Rfe1 f6 18. Bg3 Qe7 19. Nd1 b6 20. f3 a6 21. Bf2
Ra7 22. Rc1 Rc7 23. a3 Rcc8 24. b4 Qa7 25. Nc3 Ra8 26. Na4 Qb7 27. Qc3 Rac8 28.
Nb2 Qa7 29. Na4 Bh6 30. Nb2 Re7 31. Bg3 Qd7 32. Nd1 Re6 33. Qd2 Rce8 34. Bf2 g5
35. Qc3 g4 36. Qd2 gxf3 37. gxf3 Bh3 38. Bg3 Qg7 39. Kf2 f5 40. Rg1 Bg5 41. Bf4
Bh4+ 42. Ke2 Qxg1 43. Nf2 Qxf2+ 0-1

[Event "ICS rated blitz match"]
[Site "204.178.125.65"]
[Date "2000.03.30"]
[Round "?"]
[White "Hossa"]
[Black "Prykon"]
[Result "1-0"]
[WhiteElo "2454"]
[BlackElo "2075"]
[PlyCount "65"]

1. e4 d6 2. d4 Nf6 3. Nc3 c6 4. f4 d5 5. e5 Ng8 6. Nf3 g6 7. g3 h5 8. Bg2 Nh6
9. O-O Bg4 10. h3 Bf5 11. Be3 e6 12. Qd2 Nd7 13. Qf2 Be7 14. Ng5 O-O 15. Nf3 a6
16. a3 c5 17. dxc5 Rc8 18. b4 a5 19. Nd4 axb4 20. axb4 Ra8 21. c6 Rxa1 22. Rxa1
bxc6 23. Nxc6 Qe8 24. Ra7 Bxb4 25. Nxb4 Qb8 26. Nc6 Qb2 27. Bd2 Nb8 28. Ne7+
Kg7 29. Ra2 Qb7 30. Nxf5+ Nxf5 31. g4 hxg4 32. hxg4 Nh6 33. f5 1-0

[Event "ICS rated blitz match"]
[Site "204.178.125.65"]
[Date "2000.03.30"]
[Round "?"]
[White "QueenMaxima"]
[Black "Hossa"]
[Result "1-0"]
[WhiteElo "2426"]
[BlackElo "2457"]
[PlyCount "165"]

1. e4 e5 2. Nf3 Nc6 3. Bb5 a6 4. Ba4 Nf6 5. O-O Be7 6. Re1 b5 7. Bb3 d6 8. c3
O-O 9. h3 Bb7 10. d4 Re8 11. Nbd2 Bf8 12. a3 h6 13. Ba2 Be7 14. Qb3 Rf8 15. a4
Na5 16. Qc2 Nc6 17. axb5 axb5 18. Qd3 exd4 19. Qxb5 dxc3 20. Qxb7 Na5 21. Qb5
c6 22. Qa4 cxd2 23. Bxd2 d5 24. exd5 cxd5 25. Rxe7 Qxe7 26. Bxa5 Qe2 27. Qa3
Rfb8 28. b4 Re8 29. Bb3 Ne4 30. Qa2 Nc3 31. Qxe2 Nxe2+ 32. Kf1 Nc3 33. Nd4 Re4
34. Rc1 Rxd4 35. Rxc3 Rd2 36. Rc7 Rd3 37. Ba4 Ra3 38. Bc6 Rd8 39. Re7 Rd6 40.
Re8+ Kh7 41. Bb5 Rb3 42. Re1 h5 43. Be2 Kg6 44. b5 d4 45. Bc4 Rb2 46. Rd1 f5
47. Bc7 Rd7 48. b6 h4 49. Be6 Re7 50. Re1 Kh5 51. Bd8 Rb7 52. Bxf5 Rb8 53. Bc7
R8xb6 54. Bxb6 Rxb6 55. Re7 g6 56. Bc2 Rd6 57. Rh7+ Kg5 58. Bd3 Rd8 59. f4+ Kf6
60. Rxh4 Rd6 61. g4 Kg7 62. g5 Rb6 63. f5 gxf5 64. Rxd4 Kg6 65. h4 Rb3 66. Kg1
Ra3 67. Rd6+ Kh5 68. Rh6+ Kg4 69. Be2+ Kg3 70. g6 Kf4 71. Kf2 Rg3 72. Bh5 Rc3
73. g7 Rc2+ 74. Be2 Rc8 75. Rh8 Re8 76. Bh5 Re6 77. g8=Q Rc6 78. Qg3+ Ke4 79.
Qf3+ Ke5 80. Qxc6 f4 81. Bf3 Kd4 82. Rd8+ Ke5 83. Rd5# 1-0

[Event "ICS rated blitz match"]
[Site "204.178.125.65"]
[Date "2000.03.30"]
[Round "?"]
[White "Hossa"]
[Black "Beadle"]
[Result "1/2-1/2"]
[WhiteElo "2440"]
[BlackElo "2559"]
[PlyCount "53"]

1. d4 Nf6 2. c4 e6 3. Nc3 Bb4 4. Qc2 O-O 5. a3 Bxc3+ 6. Qxc3 b6 7. Bg5 Bb7 8.
f3 h6 9. Bh4 d5 10. e3 Nbd7 11. cxd5 Nxd5 12. Bxd8 Nxc3 13. Bxc7 Nd5 14. Bd6
Nxe3 15. Kf2 Nc2 16. Rd1 Rfd8 17. Bd3 Nxd4 18. Bb1 e5 19. f4 f6 20. Nf3 Bxf3
21. gxf3 Rac8 22. fxe5 fxe5 23. f4 Nc6 24. Bf5 Nd4 25. Bb1 Nc6 26. Bf5 Nd4 27.
Bb1 1/2-1/2

[Event "ICS Rated blitz match"]
[Site "204.178.125.65"]
[Date "2000.03.30"]
[Round "?"]
[White "Tinker"]
[Black "Hossa"]
[Result "1-0"]
[WhiteElo "2415"]
[BlackElo "2445"]
[PlyCount "81"]

1. e4 e5 2. Nf3 Nc6 3. Bc4 Nf6 4. Ng5 d5 5. exd5 Nd4 6. c3 b5 7. cxd4 bxc4 8.
dxe5 Nxd5 9. Qa4+ Bd7 10. Qxc4 c6 11. Nf3 Nb4 12. O-O Be6 13. Qc3 c5 14. a4 Bf5
15. Ne1 Be7 16. Qf3 Be6 17. Nc3 O-O 18. Ne2 Qd7 19. d3 Rab8 20. Nf4 Nc6 21. Qe4
Rb4 22. Qe2 Nd4 23. Qd1 Bb3 24. Qh5 Bxa4 25. Ra3 a5 26. Nf3 g6 27. Qh6 Nxf3+
28. gxf3 Qc6 29. Rxa4 Qxa4 30. Nd5 Kh8 31. Nxe7 Rfb8 32. Re1 Qd7 33. Bg5 Rg4+
34. fxg4 Qxg4+ 35. Kf1 Qxg5 36. Qxg5 Rg8 37. Qf6+ Rg7 38. Re3 h6 39. Nf5 gxf5
40. Rg3 Kh7 41. Qxg7# 1-0

[Event "ICS Rated blitz match"]
[Site "204.178.125.65"]
[Date "2000.03.30"]
[Round "?"]
[White "Insania"]
[Black "Hossa"]
[Result "1-0"]
[WhiteElo "2610"]
[BlackElo "2428"]
[PlyCount "89"]

1. d4 e6 2. e4 f5 3. exf5 exf5 4. Qh5+ g6 5. Qe2+ Ne7 6. Qe5 Rg8 7. Qe3 Nbc6 8.
Nf3 Bg7 9. Bb5 Nb4 10. Qb3 Nbc6 11. c3 Na5 12. Qa3 c6 13. Be2 d5 14. Nbd2 b5
15. O-O Rf8 16. Re1 Kf7 17. Qb4 Re8 18. a4 bxa4 19. Qxa4 Nb7 20. Bd3 Kg8 21.
Nb3 Bd7 22. Qb4 Bc8 23. Bf4 a5 24. Qa3 Bd7 25. Bg5 Bf8 26. Ne5 a4 27. Nd2 Qc7
28. Qa2 Nc8 29. c4 a3 30. cxd5 axb2 31. Qxb2 Rxa1 32. Rxa1 Rxe5 33. dxc6 Re6
34. cxb7 Nb6 35. Bc4 Qxb7 36. Rb1 Kh8 37. Bxe6 Bxe6 38. Qxb6 Qf7 39. Qd8 Kg8
40. Bh6 f4 41. Rb8 Kh8 42. Bxf8 Bc8 43. Bh6+ Qg8 44. Qf6+ Qg7 45. Qxg7# 1-0

[Event "ICS rated blitz match"]
[Site "204.178.125.65"]
[Date "2000.03.30"]
[Round "?"]
[White "Hossa"]
[Black "KyFats"]
[Result "0-1"]
[WhiteElo "2420"]
[BlackElo "2632"]
[PlyCount "88"]

1. e4 e5 2. Nf3 Nc6 3. Nc3 Nf6 4. Nxe5 Nxe5 5. d4 Ng6 6. e5 Ng8 7. Bc4 Bb4 8.
Qf3 Qe7 9. O-O Bxc3 10. bxc3 Rb8 11. Re1 a6 12. a4 b6 13. Ba3 Bb7 14. Bxe7 Bxf3
15. Bg5 Bb7 16. Bd3 N8e7 17. c4 O-O 18. d5 Rbe8 19. Bd2 f6 20. e6 dxe6 21. dxe6
Nh4 22. Bf1 Nef5 23. Bc3 Bc8 24. c5 Bxe6 25. cxb6 cxb6 26. Bxa6 Bd5 27. Reb1
Bxg2 28. Bc4+ Kh8 29. Bd3 Bh3 30. Rxb6 Nf3+ 31. Kh1 N5h4 32. Bf1 Re2 33. Bd4
Bxf1 34. Rxf1 Nxd4 35. Rb4 Ndf3 36. c3 Rfe8 37. Rbb1 Nd2 38. Rbc1 Nxf1 39. Rxf1
Rxf2 40. Kg1 Rg2+ 41. Kh1 Ree2 42. Rd1 Rxh2+ 43. Kg1 Reg2+ 44. Kf1 Rh1# 0-1

[Event "ICS rated blitz match"]
[Site "204.178.125.65"]
[Date "2000.03.30"]
[Round "?"]
[White "Hossa"]
[Black "raees"]
[Result "1-0"]
[WhiteElo "2413"]
[BlackElo "1983"]
[PlyCount "43"]

1. e4 c5 2. Nf3 d6 3. d4 cxd4 4. Nxd4 Nf6 5. Nc3 a6 6. Bg5 e6 7. f4 Qb6 8. Qd2
Qxb2 9. Rb1 Qa3 10. f5 Nc6 11. fxe6 fxe6 12. Nxc6 bxc6 13. e5 dxe5 14. Bxf6
gxf6 15. Ne4 Be7 16. Be2 O-O 17. O-O Qxa2 18. Rb3 Qa4 19. Nxf6+ Bxf6 20. Rg3+
Kh8 21. Rxf6 Rxf6 22. Qd8+ 1-0